Top 20 Meilleurs jeux MARVEL - Statistiques

Statistiques générales
  • Ce quiz a été pris 63 fois
  • Le résultat moyen est 2 sur 20
Statistiques - réponses
Classement Jeux % Correct
Numéro 5 Spider-Man
92%
Numéro 6 LEGO Marvel Super Heroes
25%
Numéro 1 Marvel's Spider-man
20%
Numéro 12 Marvel's Spider-Man 2
18%
Numéro 10 Marvel's Spider-Man: Miles Morales
16%
Numéro 16 Marvel : Ultimate Alliance
16%
Numéro 11 Deadpool
12%
Numéro 4 Ultimate Spider-Man
10%
Numéro 7 X Men Origins : Wolverine
8%
Numéro 19 Spider-Man : Dimensions
6%
Numéro 15 Spider-Man : Le Film
4%
Numéro 13 The Punisher
4%
Numéro 17 Marvel Guardians of the Galaxy
2%
Numéro 20 Marvel Super Heroes VS Street Fighter
2%
Numéro 3 Marvel VS Capcom 2: New Age of Heroes
2%
Numéro 8 Marvel VS Capcom: Clash of Super Heroes
2%
Numéro 2 Spider-Man 2 : Le Film
2%
Numéro 9 Ultimate Marvel VS Capcom 3
2%
Numéro 18 X-Men: Children of the Atom
2%
Numéro 14 X Men VS Street Fighter
2%
Aucun quiz correspondant
Distribution des résultats
% des personnes avec chaque résultat
Percentile par nombre de réponses
Votre historique - résultats
Vous n’avez pas pris ce quiz